Datum a čas kvízu

39 Celkem bodů Celkový počet nahraných bodů na tomto kvízu bez doplňovacích otázek.
3. Pořadí na kvízu Konečné umístění týmu na tomto kvízu.

Zaznamenané odpovědi

# Otázka Odpověď Body Výsledky
1. Jak se jmenuje první kompletně... Olbrachtova 1
2. Minulý týden informovala média... C 1
3. Nebyl by to ten správný Hallow... Medusu/Gorgonu 1
4. Která automobilka představila... Mazda 1
5. Britský svaz vodního slalomu u... C 1
6. Ačkoliv je čas večeře, věnujem... fazole; rajčata 1
7. Od slané ke sladké snídani. V... javorový sirup 1
8. „Snídaně v trávě“ není název: D 1
9. V Krkonoších, v místě zvaném K... Mumlava 0
10. Mnozí z nás si snídani bez káv... třešně 1